| 000 | 00719nam a2200253Ia 4500 | ||
|---|---|---|---|
| 003 | OSt | ||
| 005 | 20220928113610.0 | ||
| 006 | a|||||r|||| 00| 0 | ||
| 007 | ta | ||
| 008 | 220927b |||||||| |||| 00| 0 eng d | ||
| 024 | _a16759 | ||
| 037 | _cTextual | ||
| 040 |
_aSDCL _cSDCL _beng |
||
| 041 |
_2eng _aeng |
||
| 082 | _aQ6:3, N8 | ||
| 100 |
_aFowl Stephen E _9434000 |
||
| 245 | 0 |
_aEngaging scripture _b A model for theological interpretation |
|
| 260 |
_aOxford _bBlackwell _c1998 |
||
| 300 |
_avii,219p. _ccm. |
||
| 490 | _aChallenges in contemporary theology | ||
| 650 |
_aTheology Christianity _9434001 |
||
| 942 |
_hQ6:3, N8 _cTEXL _2CC |
||
| 999 |
_c750401 _d750401 |
||